Govt. of
Madhya Pradesh

The Touch Me Not Girl (Record no. 16840)

MARC details
000 -LEADER
fixed length control field 004670000a22001930004500
001 - CONTROL NUMBER
control field 004957
003 - CONTROL NUMBER IDENTIFIER
control field MACL
005 - DATE AND TIME OF LATEST TRANSACTION
control field 20150913132734.0
008 - FIXED-LENGTH DATA ELEMENTS--GENERAL INFORMATION
fixed length control field 150913b xxu||||| |||| 00| 0 eng d
040 ## - CATALOGING SOURCE
Original cataloging agency MACL
Transcribing agency MACL
041 ## - LANGUAGE CODE
Language code of text/sound track or separate title English
082 ## - DEWEY DECIMAL CLASSIFICATION NUMBER
Classification number 823/DEB
100 ## - MAIN ENTRY--PERSONAL NAME
Personal name Debee, Railakshmi
9 (RLIN) 10677
245 ## - TITLE STATEMENT
Title The Touch Me Not Girl
Statement of responsibility, etc. Railakshmi Debee
260 ## - PUBLICATION, DISTRIBUTION, ETC. (IMPRINT)
Place of publication, distribution, etc. Mumbai
Date of publication, distribution, etc. 1995
Name of publisher, distributor, etc. Disha Books,
350 ## - PRICE (NR) (BK AM CF MU VM SE) [OBSOLETE]
Price 95
650 ## - SUBJECT ADDED ENTRY--TOPICAL TERM
Topical term or geographic name as entry element Fiction
9 (RLIN) 10678
942 ## - ADDED ENTRY ELEMENTS (KOHA)
Call number prefix 823
Koha item type Books
Source of classification or shelving scheme
Holdings
Withdrawn status Lost status Source of classification or shelving scheme Damaged status Not for loan Home library Current library Date acquired Cost, normal purchase price Total Checkouts Full call number Barcode Date last seen Uniform Resource Identifier Price effective from Koha item type
          MACL MACL 15/04/2015 95.00   823/DEB CRE010419 02/05/2024 16752 15/04/2015 Books